Statystyki dla Rekordy geologiczne

Kliknij tutaj aby rozwiązać quiz!

Ogólne statystyki

  • Ten quiz został rozwiązany 5 425 razy
  • Średni wynik to 14 z 25

Statystyki odpowiedzi

KategoriaZjawisko% Poprawnych
Najwyższa góraMount Everest
97%
Największa pustynia (niearktyczna)Sahara
88%
Najdłuższa rzeka (sporne)Nil
84%
Najdłuższa rzeka (sporne)Amazonka
83%
Największa wyspa (Afryka)Madagaskar
80%
Największy wodospadNiagara
79%
Najwyższa góra (Afryka)Kilimandżaro
78%
Najgłębszy rów oceanicznyRów Mariański
75%
Największa wyspa
(nie uwzględniając kontynentów)
Grenlandia
74%
Największe jezioro (wg objętości; słodkowodne)Bajkał
69%
Najdłuższa rzeka (Europa)Wołga
68%
Największa wyspa (Karaiby)Kuba
67%
Największe jezioro (wg powierzchni)Morze Kaspijskie
62%
Najdłuższa rzeka (Ameryka Północna)Missisipi
60%
Największa wyspa (Śródziemnomorska)Sycylia
58%
Najdłuższa rzeka (Azja)Jangcy
52%
Największy kanionWielki Kanion
46%
Najwyższa góra (Ameryka Północna)McKinley / Denali
36%
Najniższe jezioroMorze Martwe
29%
Najsuchsza pustyniaAtakama
23%
Najniższe miejsce (Ameryka Północna)Dolina Śmierci
23%
Największe jezioro (wg powierzchni; słodkowodne)Jezioro Górne
22%
Najwyższy wodospadSalto Angel
21%
Najwyższa góra (od podstawy do szczytu)Mauna Kea
14%
Najwyższe jezioro (żeglowne)Titicaca
14%

Rozkład punktacji

Percentyl według liczby udzielonych odpowiedzi

Procent ludzi z każdym wynikiem

Twoja historia wyników

Nie rozwiązałeś tego quizu